Pays avec au moins un club de nuit dans le top 100 mondial - Statistiques

Statistiques générales
  • Ce quiz a été pris 119 fois
  • Le résultat moyen est 20 sur 30
Statistiques - réponses
Nombre de Clubs Pays % Correct
2 France
99%
22 États-Unis
96%
26 Espagne
93%
3 Brésil
88%
4 Italie
86%
7 Royaume-Uni
86%
3 Allemagne
83%
1 Japon
80%
1 Mexique
80%
1 Argentine
79%
1 Belgique
79%
1 Canada
77%
1 Australie
75%
1 Pays-Bas
73%
2 Grèce
72%
5 Colombie
67%
1 Suède
67%
3 Croatie
65%
2 Pologne
63%
1 Indonésie
61%
1 Chili
58%
1 Maroc
57%
1 Thaïlande
57%
1 République Tchèque
50%
2 Malte
46%
2 Singapour
44%
1 Slovaquie
44%
1 Uruguay
42%
1 Émirats Arabes Unis
40%
1 Kenya
12%
Aucun quiz correspondant
Distribution des résultats
% des personnes avec chaque résultat
Percentile par nombre de réponses
Votre historique - résultats
Vous n’avez pas pris ce quiz